Caste and cross-region marriages in Haryana, India: (Record no. 506278)

000 -LEADER
fixed length control field 00506nam a2200169Ia 4500
008 - FIXED-LENGTH DATA ELEMENTS--GENERAL INFORMATION
fixed length control field 181130s2018 xx 000 0 und d
100 ## - MAIN ENTRY--PERSONAL NAME
Personal name Kukreja, Reena
245 ## - TITLE STATEMENT
Title Caste and cross-region marriages in Haryana, India:
Remainder of title experience of Dalit cross-region brides in jat households
260 ## - PUBLICATION, DISTRIBUTION, ETC.
Date of publication, distribution, etc. 2018
300 ## - PHYSICAL DESCRIPTION
Extent p.492-531.
504 ## - BIBLIOGRAPHY, ETC. NOTE
-- Mar
650 ## - SUBJECT ADDED ENTRY--TOPICAL TERM
Topical term or geographic name entry element Caste - India - Haryana
650 ## - SUBJECT ADDED ENTRY--TOPICAL TERM
Topical term or geographic name entry element Marriage
650 ## - SUBJECT ADDED ENTRY--TOPICAL TERM
Topical term or geographic name entry element Marriage - India - Haryana
773 ## - HOST ITEM ENTRY
Main entry heading Modern Asian Studies
906 ## - LOCAL DATA ELEMENT F, LDF (RLIN)
a Marriage
Holdings
Withdrawn status Lost status Damaged status Not for loan Permanent Location Current Location Date acquired Serial Enumeration / chronology Barcode Date last seen Price effective from Koha item type
        Indian Institute of Public Administration Indian Institute of Public Administration 2018-12-07 52(2), Mar, 2018: p.492-531. AR118073 2018-12-07 2018-12-07 Articles

Powered by Koha